000
00221nam a22001097a 4500
999
_c
533688
_d
533688
040
_c
dlc
082
_a
823.914
100
_a
Susan Howatch
_9
27483
245
_a
The Wheel of Future
300
_a
977;p
942
_2
ddc
_c
BK